Loading...

Water resources systems planning: some case studies for India

Bibliographic Details
Main Author: Chaturvedi, Mahesh C, Ed.; Rogers, Peter
Format: Printed Book
Published: Indian Academy of Sciences, Bangalore 1985
Subjects:
LEADER 00645nam a2200193 4500
020
082 |a 577.6 CHA-W 
100 |a Chaturvedi, Mahesh C, Ed.; Rogers, Peter 
245 |a Water resources systems planning: some case studies for India 
250
260 |a Indian Academy of Sciences, Bangalore  |c 1985 
300 |a PB+356 
490
500
590
650 |a Aquatic ecology-- Fresh water ecology-- Pond ecology-- Limnology (biology)-- groundwater ecology-- Periph 
942 |c BK 
999 |c 99860  |d 99860 
952 |0 0  |1 0  |4 0  |6 577_600000000000000_CHAW  |7 0  |9 113328  |a AQU  |b AQU  |l 0  |o 577.6 CHA-W  |p AQUBN0342  |r 2019-09-25  |w 2019-09-25  |y BK